Gate 2022 Previous Solved Papers Throughly Revised and Updateed Computer Science and IT (Record no. 10644)

MARC details
000 -LEADER
fixed length control field 00439nam a22001697a 4500
003 - CONTROL NUMBER IDENTIFIER
control field OSt
008 - FIXED-LENGTH DATA ELEMENTS--GENERAL INFORMATION
fixed length control field 210520b ||||| |||| 00| 0 eng d
020 ## - INTERNATIONAL STANDARD BOOK NUMBER
International Standard Book Number 9789390564705
082 ## - DEWEY DECIMAL CLASSIFICATION NUMBER
Classification number 004.076
Item number SIG
100 ## - MAIN ENTRY--PERSONAL NAME
Personal name SINGH,B
245 ## - TITLE STATEMENT
Title Gate 2022 Previous Solved Papers Throughly Revised and Updateed Computer Science and IT
250 ## - EDITION STATEMENT
Edition statement 15th
260 ## - PUBLICATION, DISTRIBUTION, ETC. (IMPRINT)
Place of publication, distribution, etc New Delhi
Name of publisher, distributor, etc Made Easy
Date of publication, distribution, etc 2021
300 ## - PHYSICAL DESCRIPTION
Extent 755
700 ## - ADDED ENTRY--PERSONAL NAME
Personal name MCA
942 ## - ADDED ENTRY ELEMENTS (KOHA)
Source of classification or shelving scheme Dewey Decimal Classification
Koha item type Text Books
Holdings
Withdrawn status Lost status Source of classification or shelving scheme Damaged status Not for loan Collection code Home library Current library Date acquired Source of acquisition Currency Cost, normal purchase price Bill Number Total Checkouts Full call number Acc. no. / Barcode Date last seen Actual Cost, discounted price Bill Date Koha item type Public note Checked out Date last borrowed
    Dewey Decimal Classification     GENERAL PIET C-LIBRARY PIET C-LIBRARY 15/04/2021 Kirti Praskshan IN Rupees 950.00 IN2047   004.076 SIG 32852 20/05/2021 665.00 15/04/2021 Reference Books Competition    
    Dewey Decimal Classification     GENERAL PIET C-LIBRARY PIET C-LIBRARY 15/04/2021 Kirti Praskshan IN Rupees 950.00 IN2047 6 004.076 SIG 32853 14/09/2022 665.00 15/04/2021 Text Books Competition 28/09/2022 14/09/2022
    Dewey Decimal Classification     GENERAL PIET C-LIBRARY PIET C-LIBRARY 15/04/2021 Kirti Praskshan IN Rupees 950.00 IN2047 7 004.076 SIG 32854 22/12/2022 665.00 15/04/2021 Text Books Competition 20/06/2023 22/12/2022
    Dewey Decimal Classification     GENERAL PIET C-LIBRARY PIET C-LIBRARY 15/04/2021 Kirti Praskshan IN Rupees 950.00 IN2047 10 004.076 SIG 32855 23/01/2026 665.00 15/04/2021 Text Books Competition   06/01/2026
    Dewey Decimal Classification     GENERAL PIET C-LIBRARY PIET C-LIBRARY 15/04/2021 Kirti Praskshan IN Rupees 950.00 IN2047 17 004.076 SIG 32856 11/03/2025 665.00 15/04/2021 Text Books Competition 29/09/2025 11/03/2025

Design & Developed by: PIET Central Library
R70 Miles Stone Pattikalyana Samalkha Panipat 132102
mail ID :- [email protected], Phone No:- 0180-2569700 Ex.216